Welcome to the Holygrace Academy Library

Please use search bar below to get started

BRITANNICA (Record no. 7943)

MARC details
000 -LEADER
fixed length control field 00191nam a22000977a 4500
082 ## - DEWEY DECIMAL CLASSIFICATION NUMBER
Classification number 001
Item number MAN/B
245 ## - TITLE STATEMENT
Title BRITANNICA
260 ## - PUBLICATION, DISTRIBUTION, ETC. (IMPRINT)
Place of publication NEW DELHI
Name of publisher MALAYALA MANORAMA
300 ## - PHYSICAL DESCRIPTION
Other physical details CD
942 ## - ADDED ENTRY ELEMENTS (KOHA)
Koha item type Books
Holdings
Withdrawn status Lost status Collection code Home library Current library Shelving location Date acquired Source of acquisition Full call number Accession Number Koha item type
    Reference Main Library Main Library Audio Visual 15/12/2023 Purchase 001 MAN/B 12575 Visual Materials